|
|
|
|
| LEADER |
00000cam a2200000 a 4500 |
| 001 |
1/124478 |
| 008 |
220309s2020####gr a|||||| |||| ||gre|| |
| 020 |
|
|
|a 9786188447356
|
| 040 |
|
|
|a GR-MyUa
|b gre
|c GR-MyUa
|e AACR2
|
| 041 |
0 |
|
|a gre
|
| 082 |
7 |
|
|a 390.0949582
|2 (23)
|
| 245 |
0 |
0 |
|a Λεσβιακό ημερολόγιο :
|b γράμματα τέχνες πολιτισμός /
|c επιμέλεια Παναγιώτης Σκορδάς.
|
| 260 |
|
|
|a Μυτιλήνη :
|b Μύθος,
|c [2020].
|
| 300 |
|
|
|a 422 σ. :
|b εικ. ;
|c 24 εκ.
|
| 650 |
|
0 |
|a Calendars
|z Greece
|z Lesbos (Municipality)
|
| 651 |
|
0 |
|a Lesbos (Greece : Municipality)
|x Social life and customs.
|
| 700 |
1 |
|
|a Σκορδάς, Παναγιώτης Στ.
|e edt
|
| 852 |
|
|
|a INST
|b LESVOS
|e 20220309
|h 390.0949582 ΛΕΣ
|p 005100064378
|q 005100064378
|t BK
|y 0
|
| 922 |
|
|
|a 1ΕΛΗ
|b 2022-02
|c Κεντρική Υπηρεσία Βιβλιοθήκης
|d Χατζηδανιήλ
|
| 970 |
|
|
|a Δημάκη
|b Μαρία
|z 09-03-2022
|